Obras completas
Guardat en:
| Format: | Llibre |
|---|---|
| Idioma: | espanyol |
| Publicat: |
Buenos Aires
M. Aguilar
1949
|
| Edició: | 1a. ed |
| Matèries: | |
| Etiquetes: |
Afegir etiqueta
Sense etiquetes, Sigues el primer a etiquetar aquest registre!
|
MARC
| LEADER | 00000cam a2200000 a 4500 | ||
|---|---|---|---|
| 001 | UCC3074 | ||
| 003 | CL-VaPUC | ||
| 008 | 180413e19490000ag |||||||||||||||||spa|d | ||
| 082 | 0 | 4 | |a 193 |b NIE |2 21 |
| 245 | 1 | 0 | |a Obras completas |
| 250 | |a 1a. ed | ||
| 300 | |a v | ||
| 942 | |c BK | ||
| 945 | |d 20180413 15:45:00 |a dcastane | ||
| 260 | |a Buenos Aires |b M. Aguilar |c 1949 | ||
| 500 | |a v.2: consideraciones intempestivas, 1873-1875 | ||
| 500 | |a v.3 p.1: humano, demasiado humano | ||
| 500 | |a v.4 p.2: humano demasiado humano | ||
| 500 | |a v.5: aurora, reflexiones sobre los prejuicios morales, seguido de Una ojeada sobre el presente y el porvenir de los pueblos, obra inédita encontrada entre sus papeles, 1880-1881 | ||
| 500 | |a v.8: más allá del bien y el mal | ||
| 500 | |a v.10: el ocaso de los ídolos | ||
| 500 | |a v.12: tratados filosóficos | ||
| 650 | 0 | |a Filosofía alemana |9 265002 | |
| 650 | 7 | |a FILOSOFOS ALEMANES |2 CL-VaPUC |9 597134 | |
| 583 | |a last modification |c 20180413 15:45:00 |k Rodrigo Vera | ||
| 999 | |c 370933 |d 370931 | ||
| 952 | |0 0 |1 0 |3 erd |4 0 |6 193_000000000000000_NIE_1949 |7 0 |8 A |9 487713 |a BIBEDU |b BIBEDU |h v.2 |i 5465281 |o 193 NIE 1949 |p 5465281 |r 2019-11-24 |w 2019-11-24 |y BK |z Catalogado en:20180413 |k FIL | ||
| 952 | |0 0 |1 0 |3 erd |4 0 |6 193_000000000000000_NIE_1949 |7 0 |8 A |9 487714 |a BIBEDU |b BIBEDU |h v.3 |i 546529K |o 193 NIE 1949 |p 546529K |r 2019-11-24 |w 2019-11-24 |y BK |z Catalogado en:20180413 |k FIL | ||
| 952 | |0 0 |1 0 |3 erd |4 0 |6 193_000000000000000_NIE_1949 |7 0 |8 A |9 487715 |a BIBEDU |b BIBEDU |h v.4 |i 5465303 |o 193 NIE 1949 |p 5465303 |r 2019-11-24 |w 2019-11-24 |y BK |z Catalogado en:20180413 |k FIL | ||
| 952 | |0 0 |1 0 |3 erd |4 0 |6 193_000000000000000_NIE_1949 |7 0 |8 A |9 487716 |a BIBEDU |b BIBEDU |h v.5 |i 5465311 |o 193 NIE 1949 |p 5465311 |r 2019-11-24 |w 2019-11-24 |y BK |z Catalogado en:20180413 |k FIL | ||
| 952 | |0 0 |1 0 |3 erd |4 0 |6 193_000000000000000_NIE_1949 |7 0 |8 A |9 487717 |a BIBEDU |b BIBEDU |h v.8 |i 546532K |l 1 |o 193 NIE 1949 |p 546532K |r 2023-04-11 |s 2023-04-05 |w 2019-11-24 |y BK |z Catalogado en:20180413 |k FIL | ||
| 952 | |0 0 |1 0 |3 erd |4 0 |6 193_000000000000000_NIE_1949 |7 0 |8 A |9 487718 |a BIBEDU |b BIBEDU |h v.10 |i 5465338 |o 193 NIE 1949 |p 5465338 |r 2019-11-24 |w 2019-11-24 |y BK |z Catalogado en:20180413 |k FIL | ||
| 952 | |0 0 |1 0 |3 erd |4 0 |6 193_000000000000000_NIE_1949 |7 0 |8 A |9 487719 |a BIBEDU |b BIBEDU |h v.12 |i 5465346 |o 193 NIE 1949 |p 5465346 |r 2019-11-24 |w 2019-11-24 |y BK |z Catalogado en:20180413 |k FIL | ||